000 nam a22 7a 4500
999 _c8700
_d8700
008 180119b ||||| |||| 00| 0 eng d
100 _aSeth.C.K.etal
_9723
245 _aBiology
260 _aNew Delhi
_bPrachi
_c2009